|
|
|
|
| LEADER |
01116nam a2200241 a 4500 |
| 001 |
GR-MES360 |
| 008 |
991111s gr 000 b eng d |
| 020 |
|
|
|a 0849335277
|
| 040 |
|
|
|a GrPaTEI
|b gre
|c GR-PaULI
|
| 082 |
|
0 |
|a 639.48
|2 21
|
| 245 |
0 |
0 |
|a Handbook of culture of abalone and other marine gastropods.
|
| 260 |
|
|
|a Florida :
|b CRC,
|c c1989
|
| 300 |
|
|
|a xiv, 348σελ. :
|b εικ.,πιν.
|
| 500 |
|
|
|a Περιλαμβάνει βιβλιογραφικές αναφορές
|
| 650 |
|
4 |
|a Γαστερόποδα-Καλλιέργεια
|
| 650 |
|
4 |
|a Μαλάκια-Καλλιέργεια
|
| 700 |
1 |
|
|a Hahn, Kirk O.
|
| 710 |
0 |
|
|a CRC
|
| 942 |
|
|
|2 ddc
|
| 952 |
|
|
|0 0
|1 0
|2 ddc
|4 0
|6 639_480000000000000_HAN
|7 0
|9 263577
|a MSLG
|b MSLG
|c BSC
|d 2021-01-17
|e 24
|f 1
|g 0.00
|l 0
|o 639.48 HAN
|p 2420000003720
|r 2021-01-17 00:00:00
|t 1
|w 2021-01-17
|y BK15
|x 19991111 0 1
|x GrPaTEI
|
| 952 |
|
|
|0 0
|1 0
|2 ddc
|4 0
|6 639_480000000000000_HAN
|7 0
|9 263578
|a MSLG
|b MSLG
|c BSC
|d 2021-01-17
|e 24
|f 0
|g 0.00
|l 0
|o 639.48 HAN
|p 2420000013456
|r 2021-01-17 00:00:00
|t 1
|w 2021-01-17
|y BK15
|x 20070719 0 1
|x GrPaTEI
|
| 971 |
|
|
|a .b25714016
|b 15-04-20
|c 13-09-16
|
| 999 |
|
|
|c 151742
|d 151742
|